Con Andrés Bello.

Sparad:
Bibliografiska uppgifter
Huvudupphovsman: Beltrán Guerrero, Luis (autor)
Materialtyp: Bok
Publicerad: Caracas, Venezuela: La Casa de Bello, 1983.
Ämnen:
Taggar: Lägg till en tagg
Inga taggar, Lägg till första taggen!

MARC

LEADER 00000nam a22000007a 4500
003 CL-VaPUC
005 20220822114715.0
008 220725t1983 ||||| |||| 00| 0 eng d
999 |c 437490  |d 437488 
040 |c Pontificia Universidad Católica de Valparaíso 
082 7 |a 923.787 BEL 1983  |2 22 
100 1 |a Beltrán Guerrero, Luis  |e autor  |9 873799 
245 |a Con Andrés Bello. 
260 |a Caracas, Venezuela:  |b  La Casa de Bello,   |c 1983. 
300 |a 58 páginas. 
500 |a c.1 Donación Familia Prof. Alejandro Guzmán Brito. 
583 |c 20220725  |k Catalogador Asistente 
600 0 |a Bello, Andrés,   |9 545824  |d 1781-1865  |x Pensamiento político y social  
942 |2 ddc  |c BK  |n 0 
952 |0 0  |1 0  |2 ddc  |4 0  |6 923_787000000000000_BEL_1983  |7 0  |8 C_AGB  |9 585260  |a BIBDER  |b BIBDER  |d 2022-07-25  |e Donación  |i 5653308  |o 923.787 BEL 1983  |p 5653308  |r 2023-01-25  |t 1  |w 2022-07-25  |y BK_US  |k AGB